000 00612nam a2200229Ia 4500
003 OSt
005 20220918174958.0
006 a|||||r|||| 00| 0
007 ta
008 220917b |||||||| |||| 00| 0 eng d
024 _a14,979
037 _cTextual
040 _aARTS
_cARTS
_beng
041 _2eng
_aeng
082 _aNA44, J9 (E0)
100 _aMukerjee Radhakamal
_950966
245 0 _aCulture and art of India
260 _aLondon
_bGeorge Allen and Unwin
_c1959
650 _aARCHITECTURE
942 _hNA44, J9 (E0)
_cTEXL
_2CC
999 _c155436
_d155436